000 00587 a2200193 4500
999 _c183090
_d183090
005 20211216113125.0
010 _aENG-130360
020 _c350.00
_a978-93-89253-40-5
035 _aEN-113892
037 _bDBAD / PUB
082 _aS
100 _aLafont, Olivier
245 _aOOp & Lila Lost in the Scarbean Sea:
_cOlivier Lafont
250 _a2014
260 _bHachette Book Publishing India Pvt Ltd.
_c2014
_aHaryana
270 _bGurugram
_a4th & 5th Floors, Corporate Centre, Plot No. 94, Sector 44
_e122003
300 _a240p.
_c19cm (pbk)
942 _adpl
_cEN
_2ddc
_hS
_mLAF